Справочник по проектированию котельных установок систем централизованного теплоснабжения. Общие вопросы проектирования и основное оборудование

Xehetasun bibliografikoak
Egile nagusia: Либерман Н. Б. Натан Борисович
Beste egile batzuk: Нянковская М. Т. Минна Теодоровна
Gaia:Справочник содержит основные технологические нормы проектирования тепломеханической части котельных установок и рекомендации по проектированию их отдельных узлов. Изложены порядок выполнения проектов, их содержание и объем. Приведены сведения об основных типах котлоагрегатов и топочных устройств, даны рекомендации по их выбору.Книга рассчитана на специалистов, работающих в области проектирования те­пломеханической части котельных установок и комплексного проектирования про­мышленных предприятий.
Hizkuntza:errusiera
Argitaratua: Москва, Эколит, 2016
Edizioa:Репринтное издание
Gaiak:
Formatua: MixedMaterials Liburua
KOHA link:https://koha.lib.tpu.ru/cgi-bin/koha/opac-detail.pl?biblionumber=293024

MARC

LEADER 00000nam0a2200000 4500
001 293024
005 20231102000544.0
010 |a 9785436504247 
035 |a (RuTPU)RU\TPU\book\317854 
035 |a RU\TPU\book\76147 
090 |a 293024 
100 |a 20041218d2016 km y0rusy50 ca 
101 0 |a rus 
102 |a RU 
105 |a a g 001zy 
200 1 |a Справочник по проектированию котельных установок систем централизованного теплоснабжения. Общие вопросы проектирования и основное оборудование  |f Н. Б. Либерман, М. Т. Нянковская 
205 |a Репринтное издание 
210 |a Москва  |c Эколит  |d 2016 
215 |a 224 с.  |c ил. 
320 |a Библиогр.: с. 223-224. 
330 |a Справочник содержит основные технологические нормы проектирования тепломеханической части котельных установок и рекомендации по проектированию их отдельных узлов. Изложены порядок выполнения проектов, их содержание и объем. Приведены сведения об основных типах котлоагрегатов и топочных устройств, даны рекомендации по их выбору.Книга рассчитана на специалистов, работающих в области проектирования те­пломеханической части котельных установок и комплексного проектирования про­мышленных предприятий. 
606 1 |a Котельные установки отопительных систем  |2 stltpush  |3 (RuTPU)RU\TPU\subj\71713  |9 85496 
610 1 |a централизованное теплоснабжение 
610 1 |a тепловая энергия 
610 1 |a производство 
610 1 |a тепловое потребление 
610 1 |a тепловая мощность 
610 1 |a технологические структуры 
610 1 |a энергетические показатели 
610 1 |a экономические показатели 
610 1 |a энергетическое топливо 
610 1 |a топочные устройства 
610 1 |a котлоагрегаты 
610 1 |a тепловой расчет 
610 1 |a нагревательные поверхности 
610 1 |a загрязнения 
610 1 |a очистка 
610 1 |a справочные издания 
675 |a 697.32(035)  |v 4 
700 1 |a Либерман  |b Н. Б.  |g Натан Борисович 
701 1 |a Нянковская  |b М. Т.  |g Минна Теодоровна 
801 1 |a RU  |b 63413507  |c 20150428 
801 2 |a RU  |b 63413507  |c 20151023  |g RCR 
900 |a Котельные установки 
900 |a Котельные установки и парогенераторы 
942 |c BK 
959 |a 60/20150427  |d 5  |e 350,00  |f ЧЗТЛ:1  |f УФ:4